[Event "Crotone Province-ch 07"]
[Site "Cutro"]
[Date "2006.12.09"]
[Round "5"]
[White "Pulvirenti, Carmelo"]
[Black "Piccoli, Vincenzo"]
[Result "0-1"]
[WhiteElo "1703"]
[BlackElo "1700"]
[PlyCount "112"]
[EventDate "2006.12.07"]
[EventType "swiss"]
[EventRounds "7"]
[EventCountry "ITA"]
[SourceTitle "EXT 2024"]
[Source "ChessBase"]
[SourceDate "2023.10.10"]
[SourceVersion "1"]
[SourceVersionDate "2023.10.10"]
[SourceQuality "1"]

1. e4 c5 2. Nf3 d6 3. d4 cxd4 4. Qxd4 Nc6 5. Bb5 Bd7 6. Bxc6 Bxc6 7. Nc3 Nf6 8. 0-0 e6 9. Re1 Qc7 10. a4 b6 11. Bg5 Be7 12. Rad1 0-0 13. Bxf6 Bxf6 14. Qxd6 Qxd6 15. Rxd6 Bxc3 16. bxc3 Bxa4 17. Nd4 Rac8 18. Ra1 b5 19. Nc6 Rc7 20. c4 a6 21. c3 Rfc8 22. cxb5 axb5 23. Rd8+ Rxd8 24. Nxd8 Kf8 25. c4 Ke8 26. Nxf7 Kxf7 27. cxb5 Bxb5 28. g3 Bd3 29. Re1 Rc4 30. f3 Rc2 31. Re3 Bc4 32. h4 Kf6 33. f4 Re2 34. e5+ Kf5 35. Rc3 Bd5 36. Rc7 Rg2+ 37. Kf1 Rxg3 38. h5 Kxf4 39. Kf2 Rf3+ 40. Ke2 Re3+ 41. Kf2 Rxe5 42. Rxg7 Rxh5 43. Rf7+ Ke5 44. Kg3 Rh1 45. Rf8 h5 46. Rf7 h4+ 47. Kf2 h3 48. Kg3 h2 49. Rf2 Rg1+ 50. Kxh2 Rg2+ 51. Rxg2 Bxg2 52. Kxg2 Ke4 53. Kf2 Kd3 54. Ke1 e5 55. Kd1 e4 56. Ke1 Ke3 0-1

[Event "Crotone Province-ch 07"]
[Site "Cutro"]
[Date "2006.12.09"]
[Round "4"]
[White "Pulvirenti, Carmelo"]
[Black "Scerra, Ezio"]
[Result "1-0"]
[WhiteElo "1703"]
[BlackElo "1392"]
[PlyCount "65"]
[EventDate "2006.12.07"]
[EventType "swiss"]
[EventRounds "7"]
[EventCountry "ITA"]
[SourceTitle "EXT 2024"]
[Source "ChessBase"]
[SourceDate "2023.10.10"]
[SourceVersion "1"]
[SourceVersionDate "2023.10.10"]
[SourceQuality "1"]

1. e4 Nc6 2. Nf3 d6 3. Bc4 Bg4 4. Bxf7+ Kxf7 5. Ng5+ Ke8 6. Qxg4 Ne5 7. Qe2 Nf6 8. d4 Nf7 9. Ne6 Qd7 10. d5 Ne5 11. f3 a6 12. Nd2 Rc8 13. Nc4 Nxc4 14. Qxc4 b5 15. Qc6 Qxc6 16. dxc6 Kf7 17. Ng5+ Kg8 18. Bd2 e5 19. Ba5 d5 20. Rd1 d4 21. Ne6 Bd6 22. c3 h6 23. cxd4 exd4 24. Nxd4 Be5 25. a3 Kf7 26. Bc3 Rcd8 27. Nxb5 Rxd1+ 28. Kxd1 Bf4 29. Nd4 Rd8 30. Kc2 Nd7 31. cxd7 Rxd7 32. g3 Be5 33. Nc6 1-0